000 00587nam a2200181Ia 4500
008 100920s9999 xx 000 0 und d
082 _b90199
_a30 0
100 _a---
245 _aप्रतापमुकुट.
260 _bज्ञानप्रकाश छापखाना , पुणे.
_c0
300 _a75
_bसाधी
365 _b0.54
520 _aदुर्मिळ ग्रंथ.
630 _aप्रतापमुकुट.
650 _aदुर्मिळ ग्रंथ.
730 _aप्रतापमुकुट.
942 _cBOOK
999 _c730690
_d730687